LEADER 01081nam0-22003371i-450- 001 990001320000403321 005 20050303155847.0 010 $a0-89871-303-X 035 $a000132000 035 $aFED01000132000 035 $a(Aleph)000132000FED01 035 $a000132000 100 $a20020001d--------km-y0itay50------ba 101 0 $aeng 200 1 $aParallel Processing for Scientific Computing$eProceedings of the fifth SIAM Conference$fedited by Jack Dongarra, ... [e altri]. 210 $aPhiladelphia$cSIAM$dc1992 215 $aXVII, 648 p.$cill.$d26 cm 610 0 $aCalcolo parallelo 610 0 $aAlgoritmi paralleli e distribuiti 676 $a502.85 700 1$aDongarra,$bJack J.$052003 702 1$aConference On parallel processing for Scien tific Computing,$b5., Houston (tx 702 1$aDongarra,$bJack J. 801 0$aIT$bUNINA$gRICA$2UNIMARC 901 $aBK 912 $a990001320000403321 952 $a124-A-27$b10823$fMA1 959 $aMA1 962 $a65Y05 996 $aParallel Processing for Scientific Computing$9383073 997 $aUNINA LEADER 00891cam2 2200277 450 001 E600200057791 005 20210222105056.0 100 $a20091215d1980 |||||ita|0103 ba 101 $aita 102 $aIT 200 1 $a1$eI fondatori$fLeszek Kolakowski 210 $aMilano$cSugarco$d1980 215 $a459 p.$d21 cm 225 2 $aArgomenti$v77 410 1$1001LAEC00015244$12001 $a*Argomenti$v77 461 1$1001E600200057790$12000 $aNascita sviluppo dissoluzione del marxismo 700 1$aKolakowski$b, Leszek$3A600200050101$4070$0451230 801 0$aIT$bUNISOB$c20210222$gRICA 850 $aUNISOB 852 $aUNISOB$j100$m42693 912 $aE600200057791 940 $aM 102 Monografia moderna SBN 941 $aM 957 $a100$b003183$i-1$gSi$d42693$racquisto$1massimo$2UNISOB$3UNISOB$420091215135032.0$520210222105044.0$6Alfano 996 $a1$91630667 997 $aUNISOB